| 000 | 00745nam a2200241 a 4500 | ||
|---|---|---|---|
| 001 | 835 | ||
| 003 | BR-CuiBMT | ||
| 005 | 20231121024755.0 | ||
| 008 | 231121s2014 prb 001 0 por d | ||
| 020 | _a9788565017053 | ||
| 040 |
_aBR-CuiBMT _cBR-CuiBMT |
||
| 080 |
_22007 _a347.238 |
||
| 090 |
_a347.238 _bL514 _c3. ed. |
||
| 245 | 0 | 0 |
_aLegislação do condomínio : _bcoletânea prática / _cLuiz Fernando de Queiroz, Olga Maria Krieger organizadores. |
| 250 | _a3. ed., atual. | ||
| 260 |
_aCuritiba : _bBonijuris, _c2014. |
||
| 300 |
_a207 p. ; _c21 cm |
||
| 500 | _aInclui índice. | ||
| 650 |
_aCondomínios _vLegislação _zBrasil |
||
| 700 | 1 |
_aQueiroz, Luiz Fernando de _4org. |
|
| 700 | 1 |
_aKrieger , Olga Maria _4org. |
|
| 942 |
_2udc _cLV |
||
| 999 |
_c835 _d835 |
||